| 000 | 00648nam a2200193 a 4500 | ||
|---|---|---|---|
| 005 | 20230309063640.0 | ||
| 008 | 991125s1972 mad 000 0 spa u | ||
| 035 | _aUPN01000014159 | ||
| 049 | _aCG | ||
| 050 | 4 |
_aBF692.2 _bD4.88 |
|
| 245 | 0 | 0 |
_aDesarrollo de las diferencias sexuales / _cEleanor E. Maccoby ... [et al.] ; tr. Alicia Ríos Ivars. |
| 260 |
_aMadrid : _bMarova, _c1972. |
||
| 300 |
_a237 p. : _bil. |
||
| 440 | 0 |
_aBiblioteca Marova de estudios del hombre ; _v11 |
|
| 534 |
_pTraducción de: _tThe development of sex differences |
||
| 650 | 4 |
_aSexo (Psicología) _97377 |
|
| 700 | 1 |
_aMaccoby, Eleanor Emmons, _ecoaut. |
|
| 905 | _aLibro | ||
| 999 |
_c14159 _d14159 |
||